Sustainable architecture : (Record no. 352389)
[ view plain ]
| 000 -LEADER | |
|---|---|
| fixed length control field | 01199 a2200277 4500 |
| 003 - CONTROL NUMBER IDENTIFIER | |
| control field | OSt |
| 005 - DATE AND TIME OF LATEST TRANSACTION | |
| control field | 20180116192333.0 |
| 008 - FIXED-LENGTH DATA ELEMENTS--GENERAL INFORMATION | |
| fixed length control field | 120210t xxu||||| |||| 00| 0 eng d |
| 010 ## - LIBRARY OF CONGRESS CONTROL NUMBER | |
| LC control number | 00303539 |
| 020 ## - INTERNATIONAL STANDARD BOOK NUMBER | |
| International Standard Book Number | 0750641347 |
| 040 ## - CATALOGING SOURCE | |
| Transcribing agency | 0 |
| 082 ## - DEWEY DECIMAL CLASSIFICATION NUMBER | |
| Classification number | 720.47 |
| 100 1# - MAIN ENTRY--PERSONAL NAME | |
| Personal name | Edwards, Brian, |
| 245 10 - TITLE STATEMENT | |
| Title | Sustainable architecture : |
| Remainder of title | European directives and building design / |
| Statement of responsibility, etc. | Brian Edwards. |
| 250 ## - EDITION STATEMENT | |
| Edition statement | 2nd ed. |
| 260 ## - PUBLICATION, DISTRIBUTION, ETC. | |
| Place of publication, distribution, etc. | Oxford ; |
| -- | Boston : |
| Name of publisher, distributor, etc. | Architectural Press, |
| Date of publication, distribution, etc. | 1999. |
| 300 ## - PHYSICAL DESCRIPTION | |
| Extent | xviii, 277 p. : |
| Other physical details | ill. ; |
| Dimensions | 28 cm. |
| 500 ## - GENERAL NOTE | |
| General note | Rev. ed. of: Towards sustainable architecture. c1996. |
| 505 ## - FORMATTED CONTENTS NOTE | |
| Formatted contents note | Part 1. Perspectives on the environment Part 2. Construction products and professional services Part 3. Energy and pollution Part 4. Water conservation Part 5. Environmental impact Part 6. Recycling Part 7. Ecology Part 8. Sustainable development Part 9. Future of design |
| 650 #0 - SUBJECT ADDED ENTRY--TOPICAL TERM | |
| Topical term or geographic name entry element | Sustainable architecture |
| Geographic subdivision | Europe. |
| 650 #0 - SUBJECT ADDED ENTRY--TOPICAL TERM | |
| Topical term or geographic name entry element | Architecture |
| General subdivision | Environmental aspects |
| Geographic subdivision | Europe. |
| 650 #0 - SUBJECT ADDED ENTRY--TOPICAL TERM | |
| Topical term or geographic name entry element | Environmental impact analysis |
| Geographic subdivision | Europe. |
| 700 1# - ADDED ENTRY--PERSONAL NAME | |
| Personal name | Edwards, Brian, |
| Dates associated with a name | 1944- |
| 942 ## - ADDED ENTRY ELEMENTS (KOHA) | |
| Institution code [OBSOLETE] | SADA |
| Koha item type | Book |
| Call number prefix | 720.47 EDW 1999 |
| Source of classification or shelving scheme | |
| Withdrawn status | Lost status | Source of classification or shelving scheme | Damaged status | Not for loan | Permanent Location | Current Location | Date acquired | Total Checkouts | Total Renewals | Full call number | Barcode | Date last seen | Date last checked out | Cost, replacement price | Price effective from | Koha item type |
|---|---|---|---|---|---|---|---|---|---|---|---|---|---|---|---|---|
| School of Art Design and Architecture (SADA) | School of Art Design and Architecture (SADA) | 08/31/2010 | 5 | 2 | 720.47 EDW 1999 | SADA0000111 | 11/03/2015 | 11/03/2015 | 3304.00 | 08/05/2011 | Book |
